| 000 | 00642nam a2200217 a 4500 | ||
|---|---|---|---|
| 001 | 000013548 | ||
| 003 | DO-SdBNP | ||
| 005 | 20220621104244.0 | ||
| 007 | ta | ||
| 008 | 091125s1988 dr 000 0 spa d | ||
| 040 |
_aDO-SdBNP _bspa _cBNPHU |
||
| 082 | 4 | _222 | |
| 100 | 1 |
_aRowland C., James, _930880 _d1952- |
|
| 245 | 1 | 3 |
_aEl cheque y sus penurias en la República Dominicana / _cJames Agustín Rowland Cruz |
| 250 | _a3a ed. | ||
| 260 |
_aSanto Domingo : _b[s.n.], _c1988. |
||
| 300 |
_a220 p. ; _c21 cm. |
||
| 500 | _aIncluye datos biográficos del autor en la contracubierta | ||
| 590 | _aInventariado, 2022/BT | ||
| 942 |
_2ddc _cLBS1 |
||
| 999 |
_c13170 _d13170 |
||